00958nam a2200241 a 450000100060000000300080000600500170001400800410003103500190007204000370009104100080012808200260013610000250016224500580018726000470024530000330029250400200032565100470034594200120039299900170040495201470042195201480056843003BD-RjUL20211209053629.0160618s1965 enka||| 001 0 eng d a(BD-RjUL)43121 aDLCcBUFdUKMdEQOdBD-RjULbeng aeng a330.941223bDES 19651 aDerry, T. K.912698012aA short economic history of Britain /cby T. K. Derry aLondon :bOxford University Press,cc1965. axi, 267 p. :bill. ;c23 cm. aIncludes index. 0aGreat BritainxEconomic conditions9132054 2ddccBK c43003d43003 00102ddc40708NFICaRUCLbRUCLcStackd1970-07-15eSweets & Zeilingerg21.00l0o330.941 DES 1965r2016-06-18 00:00:00tC-2w2016-06-18yBK 00102ddc40718NFICaRUCLbRUCLcReadingd1970-01-07eSweets & Zeilingerg0.00l0o330.941 DES 1965r2016-12-22 00:00:00tC-1w2016-12-22yBK